000 00918nam a2200277 i 4500
003 DO-SdBNP
005 20231123081143.0
007 ta
008 110413s201- dr a b 000 j spa d
040 _aDO-SdBNP
_bspa
_cBNPHU
_erda
082 _bG643
_222
100 _aGonzález, Milady
_942934
245 1 0 _aSilambano /
_cMilady González ; ilustraciones Milciades Suero ; prólogo Virginia Read Escobal
264 1 _aBavaro- Punta Cana, República Dominicana :
_bBavaro Printing,
_c[2013].
300 _a64 páginas
_c22 cm.
_bIlustraciones
336 _2rdacontent
_atexto
_btxt
337 _2rdamedia
_asin mediación
_bn
338 _2rdacarrier
_avolumen
_bnc
490 1 _aLectura para todos
521 _aInfantil
590 _aInventariado, 2023/ YL
700 1 _aSuero, Milciades
_eilustraciones
_984663
700 1 _aRead Escobal, Virginia
_eprólogo
_984664
910 _aYLockward
942 _2ddc
_cLBS1
999 _c55566
_d55566